Sports Quiz

Random Sports or NBA Quiz

Slam Dunk Champions by Photo Quiz Stats

 Plays Quiz Updated Feb 26, 2018

Challenge
Share
Tweet
Score 0/26 Timer 04:00
0 Plays Today
% Correct
Donovan Mitchell
95.4%
Blake Griffin
95%
Dwight Howard
93.3%
John Wall
92.6%
Kobe Bryant
90.5%
Vince Carter
89.8%
Michael Jordan
88.2%
Zach LaVine
86.6%
Nate Robinson
85%
Dominique Wilkins
77.1%
Spud Webb
73.9%
Jason Richardson
69.8%
Josh Smith
68.2%
% Correct
Glenn Robinson III
67.5%
Gerald Green
61.3%
Terrence Ross
59.1%
Brent Barry
48.6%
Dee Brown
41%
Jeremy Evans
36.4%
Isaiah Rider
35.2%
Larry Nance
31.8%
Cedric Ceballos
30.9%
Harold Miner
27.9%
Desmond Mason
26.4%
Kenny Walker
24.5%
Fred Jones
24.1%

You're not logged in!

Compare scores with friends on all Sporcle quizzes.
Join for Free
OR
Log In

You Might Also Like...

Show Comments

Extras

Top Quizzes Today


Score Distribution

Your Account Isn't Verified!

In order to create a playlist on Sporcle, you need to verify the email address you used during registration. Go to your Sporcle Settings to finish the process.

Report this User

Report this user for behavior that violates our Community Guidelines.

Details: